Management Information Systems: (Record no. 47506)
[ view plain ]
| 000 -LEADER | |
|---|---|
| fixed length control field | 00505 a2200181 4500 |
| 005 - DATE AND TIME OF LATEST TRANSACTION | |
| control field | 20260505093325.0 |
| 008 - FIXED-LENGTH DATA ELEMENTS--GENERAL INFORMATION | |
| fixed length control field | 260505b |||||||| |||| 00| 0 eng d |
| 020 ## - INTERNATIONAL STANDARD BOOK NUMBER | |
| ISBN | 978-0-13-305069-1 |
| 082 ## - DEWEY DECIMAL CLASSIFICATION NUMBER | |
| Classification number | 658.403 |
| Author Mark | LAU-M |
| 100 ## - MAIN ENTRY--AUTHOR | |
| Author Name | Laudon, kenneth C. |
| 245 ## - TITLE STATEMENT | |
| Title | Management Information Systems: |
| Sub-Title | Managing The Digital Firm |
| 250 ## - EDITION STATEMENT | |
| Edition statement | 13th Ed |
| 260 ## - PUBLICATION, DISTRIBUTION, ETC. | |
| Place of Publication | India |
| Name of publisher, distributor, etc. | Pearson Education Limited |
| Date of publication, distribution, etc. | 2014 |
| 300 ## - PHYSICAL DESCRIPTION | |
| Pages | 645 p. |
| 504 ## - BIBLIOGRAPHY, ETC. NOTE | |
| Bibliography, etc. note | Include Index. |
| 650 ## - SUBJECT ADDED ENTRY--TOPICAL TERM | |
| Subject / Department | Business Administration |
| 942 ## - ADDED ENTRY ELEMENTS (KOHA) | |
| Koha item type | Book |
| Withdrawn status | Lost status | Damaged status | Not for loan | Collection code | Permanent Location | Current Location | Shelving Location | Date acquired | Source of acquisition | Price | Inventory number | Total Checkouts | Full Call Number | Accession No./Barcode | Date last seen | Koha item type |
|---|---|---|---|---|---|---|---|---|---|---|---|---|---|---|---|---|
| Business Administration | Air University Kharian Campus Library | Air University Kharian Campus Library | Management Science | 04/09/2026 | Ali Book Services | 3652.00 | KA/10221 | 658.403 LAU-M | AUKHP0641 | 05/05/2026 | Book |







